| 000 | 00487nam a2200157Ia 4500 | ||
|---|---|---|---|
| 008 | 160316s1996 xxu||||| |||| 00| 0 eng d | ||
| 082 |
_a362.704400 _bSAV |
||
| 100 | _a | ||
| 245 | _aKids for hire: A child's right to protection from commercial sexual exploitation | ||
| 250 | _a | ||
| 260 |
_aSweden _bSave the Children _c1996 |
||
| 300 |
_a39 _b _c |
||
| 365 | _b | ||
| 650 | _a1. UN convention on the rights of the child 2. right to protection 3. sexual exploitation | ||
| 700 |
_a _a |
||
| 999 |
_c35024 _d35024 |
||